Advertising taglines UK 3.0 - Statistics

General Stats
  • This quiz has been taken 15 times
  • The average score is 6 of 15
Answer Stats
Tagline Answer % Correct
"How do you eat yours?" Creme egg
85%
Melt in your mouth, not in your hand! Minstrels
62%
Tell 'em about the honey, mummy! Sugar Puffs
62%
You only get an 'OO' with...? Typhoo
62%
Accrington Stanley. Who are they? Milk
54%
Any time, any place, anywhere... Martini
46%
Is she, or isn't she? Harmony
31%
You can be sure of...? Shell
31%
Splash it allover! Brut 33
23%
We all adore a...? Kia Ora
23%
Laughing all the way to...? The Leeds
23%
There there there Elastoplast
15%
They're tasty, tasty, very, very tasty Kelloggs Fruit n Fibre
15%
Do yourself a favour, be a... Liquor Saver
15%
A man's gotta chew what a man's gotta chew! Toffo
15%
No matching quizzes found
Score Distribution
Percent of People with Each Score
Percentile by Number Answered
Your Score History
You have not taken this quiz